[Event "Landesliga U20 Nord 1617"]
[Site "Bayern"]
[Date "2017.01.21"]
[Round "4.1"]
[White "Stoeckl, Maximilian"]
[Black "Mederer, Lukas"]
[Result "1/2-1/2"]
[WhiteElo "1579"]
[BlackElo "1712"]
[PlyCount "85"]
[EventDate "2016.11.12"]
[EventType "team-tourn"]
[EventRounds "7"]
[EventCountry "GER"]
[SourceTitle "EXT 2022"]
[Source "ChessBase"]
[SourceDate "2021.10.06"]
[SourceVersion "1"]
[SourceVersionDate "2021.10.06"]
[SourceQuality "1"]
[WhiteTeam "Schwandorf U20"]
[BlackTeam "Allersberger SC U20"]
[WhiteTeamCountry "GER"]
[BlackTeamCountry "GER"]

1. d4 d6 2. c4 Nf6 3. Nc3 g6 4. e4 Bg7 5. f3 0-0 6. Bd3 e5 7. d5 Ne8 8. f4 Nd7 9. Nf3 Nc5 10. Bc2 f5 11. fxe5 fxe4 12. Nxe4 Nxe4 13. Bxe4 Bxe5 14. Bg5 Bf6 15. Bxf6 Qxf6 16. Qc2 Ng7 17. 0-0 Bf5 18. b3 Bxe4 19. Qxe4 Rae8 20. Qd4 Qxd4+ 21. Nxd4 Rxf1+ 22. Rxf1 a6 23. Rf2 Re1+ 24. Rf1 Rxf1+ 25. Kxf1 Kf7 26. Kf2 Kf6 27. g4 Ke5 28. Ke3 h5 29. h3 hxg4 30. hxg4 Ne8 31. Nf3+ Kf6 32. Kf4 c6 33. dxc6 bxc6 34. Nd4 g5+ 35. Ke4 d5+ 36. cxd5 Nd6+ 37. Ke3 cxd5 38. Nf3 Ne4 39. Kd4 Ke6 40. b4 Kd6 41. a4 Nf6 42. Nxg5 Nxg4 43. Nf7+ 1/2-1/2

[Event "Landesliga U20 Nord 1617"]
[Site "Bayern"]
[Date "2016.12.10"]
[Round "2.1"]
[White "Petrashov, Alexander"]
[Black "Mederer, Lukas"]
[Result "0-1"]
[WhiteElo "2013"]
[BlackElo "1712"]
[PlyCount "59"]
[EventDate "2016.11.12"]
[EventType "team-tourn"]
[EventRounds "7"]
[EventCountry "GER"]
[SourceTitle "EXT 2022"]
[Source "ChessBase"]
[SourceDate "2021.10.06"]
[SourceVersion "1"]
[SourceVersionDate "2021.10.06"]
[SourceQuality "1"]
[WhiteTeam "Nuernberg NT U20"]
[BlackTeam "Allersberger SC U20"]
[WhiteTeamCountry "GER"]
[BlackTeamCountry "GER"]

1. d4 d6 2. c4 Nf6 3. Nc3 Nc6 4. e4 g6 5. f3 Bg7 6. Be3 0-0 7. Qd2 e6 8. h4 Nh5 9. Nge2 f5 10. g4 f4 11. Bf2 Ng3 12. Bxg3 fxg3 13. Bg2 a6 14. 0-0-0 Bd7 15. f4 Ne7 16. e5 Bc6 17. Bxc6 bxc6 18. exd6 cxd6 19. Nxg3 d5 20. c5 Qc7 21. Rhf1 Rab8 22. Rde1 Rb4 23. Nce2 Qa5 24. Kb1 Rfb8 25. Nc1 Rxb2+ 26. Qxb2 Rxb2+ 27. Kxb2 Bxd4+ 28. Kb1 Qc3 29. Re2 Qxg3 30. Nb3 0-1